000 00966nam a2200265 i 4500
001 2635319
003 ARRUPE
005 20160204141433.0
008 760816s1907 enk 000 0 eng d
035 _a(OCoLC)ocm02377925
040 _aCIT
_cCIT
_dZCU
090 _aSK251
_b.S35 1907b
100 1 _aSchillings, C. G.
_q(Carl Georg),
_d1865-1921.
_921865
245 1 0 _aIn wildest Africa /
_cby C. G. Schillings ; translated by Frederic Whyte.
260 _aNew York :
_bHarper and Brothers Publishers,
_c1907.
300 _avii, 688p. ;
_bill. ;
_c25cm.
500 _a"With over 300 photographic studies direct from the author's negatives, taken by day and night; and other illustrations."
650 0 _aNatural history
_zAfrica.
_95517
650 0 _aHunting
_zAfrica.
_95256
650 0 _aNature photography.
_921866
651 0 _aAfrica, Central
_xDescription and travel.
_921867
700 _aWhyte, Frederic
_etr.
_921998
942 _2lcc
_cSPC
999 _c124059
_d124059